| 000 | 00373nam a22001577a 4500 | ||
|---|---|---|---|
| 020 | _a9780071771337 | ||
| 082 | _a621.381 SCH | ||
| 100 | _aScherz, Paul | ||
| 245 | _aPractical electronics for inventors | ||
| 250 | _a3rd ed. | ||
| 260 |
_aNew York _bMcGraw Hill _c2013 |
||
| 300 |
_axxv, 1014p. : _e27 cm |
||
| 650 | _aElectronics | ||
| 700 | _aPaul Scherz | ||
| 942 | _cBK | ||
| 999 |
_c11805 _d11805 |
||